00918nam a22002537a 450000500170000001000130001702000220003003500130005203700160006504000120008108200110009310000220010424501060012626000460023227000440027830000240032250000490034665000420039565000340043770000260047194200250049799900190052295201230054120170124105932.0 aA-759165 c00.00a8170008089 aA-759165 bCen Lib/Ret aDPLbEN a305.56 aGopal,Singh98496 aReservation politics in India :cby Gopal Singh [and] Hari Lal Sharmabmandalisation of the society / aNew DelhibDeep & Deep publicationsc1995 aF-159,Rajouri GardenbNew Delhie110027 avi,174p. c21cm(Hb) aIncludes bibliographical reference and index aPeople with social disabilities98497 aEquality before the law98498 aSharma,Hari Lal98499 2ddccENh305.56mGOP c123910d123910 00104070aLbLd2015-06-12eCen Lib/Retg0.00l0o305.56 GOPpA-759165r2015-06-12 00:00:00t1v0.00w2015-06-12yEN